| 000 | 00754 a2200193 4500 | ||
|---|---|---|---|
| 020 | _a0471497932 | ||
| 040 |
_aDLC _bDLC |
||
| 082 | 0 | 0 | _a621.384/12 |
| 100 | 1 | _aEverard, J. | |
| 245 | 1 | 0 |
_aFundamentals of RF circuit design: with low noise oscillators _bwith low noise oscillators _cJerely Everard. |
| 260 |
_aChichester ; _aNew York : _bJohn Wiley, _cc2001. |
||
| 300 |
_axvii, 292 p. : _bill. ; _c24 cm. |
||
| 650 | 0 |
_aRadio circuits _xDesign and construction. |
|
| 650 | 0 | _aRadio frequency oscillators. | |
| 650 | 0 | _aElectronic noise. | |
| 856 | 4 | 2 |
_3Publisher description _uhttp://www.loc.gov/catdir/description/wiley0310/00068540.html |
| 856 | 4 | 2 |
_3Table of Contents _uhttp://www.loc.gov/catdir/toc/onix06/00068540.html |
| 942 |
_cBK _k621.38412 EVE _2ddc |
||
| 999 |
_c8373 _d8373 |
||